01304nam a22002297a 450000500170000000800410001704000520005824500600011026000410017030000380021150002930024950801010054251101480064365000220079165000200081365000160083365000330084970000300088285600640091285600900097604100080106620170608110957.0130802s2005 xxu g 000 0 eng  aCO-BoUCMcAngélica RojasdAldemar Mondragón03aEl señor de la guerrah[DVD]cAndrew Niccol, director a[Washington]bLions Gate Filmsc2005 a1 disco (117 min.)bsonido, color aSIPNOSIS: Yuri Orlov, un traficante de armas ruso, recorre los países en guerra intentando eludir no sólo la persecución de un implacable agente de la Interpol, sino también la de sus rivales en el negocio e incluso la de alguno de sus clientes, todos ellos importantes dictadores aCREDITOS: Director y Guión Andrew Niccol ; Música Antonio Pinto ; Fotografía Amir M. Mokri aREPARTO: Nicolas Cage, Ethan Hawke, Bridget Moynahan, Jared Leto, Ian Holm, Eamonn Walker, Jean-Pierre Nshanian, Sammi Rotibi, Shake Tukhmanyan 7aArmamentismovDvd 7aArmamentosvDvd 7aGuerravDvd 7aSociología políticavDvd1 aNiccol, Andrew edirector zVer el traileruhttps://www.youtube.com/watch?v=ADDI1q91SeE04uhttps://www.youtube.com/watch?v=ADDI1q91SeEzSiga este vínculo para ver el trailer. aeng